[Event "80th Tata Steel it"]
[Site "Wijk aan Zee NED"]
[Date "2018.01.13"]
[Round "1"]
[White "Carlsen, Magnus"]
[Black "Caruana, Fabiano"]
[Result "1/2-1/2"]
[WhiteElo "2834"]
[BlackElo "2811"]
[EventDate "2018.01.13"]
[PlyCount "80"]

1. e4 e5 2. Nf3 Nf6 3. Nxe5 d6 4. Nf3 Nxe4 5. Qe2 Qe7 6. d3 Nf6 7. Nc3 Qxe2+ 8. Bxe2 g6 9. Nd4 a6 10. Bf4 Bg7 11. h3 Bd7 12. Bf3 Nc6 13. Nxc6 Bxc6 14. Bxc6+ bxc6 15. O-O-O Kd7 16. Rhe1 Rhe8 17. Ne4 Nd5 18. Bd2 f5 19. Ng5 h6 20. Nf3 g5 21. c3 c5 22. Kc2 Bf6 23. Rxe8 Rxe8 24. Re1 Rf8 25. Rh1 Re8 26. g3 g4 27. Ng1 Bg5 28. Kd1 a5 29. Ne2 a4 30. Bxg5 hxg5 31. hxg4 fxg4 32. Rh5 Re5 33. Rh7+ Ke6 34. a3 Rf5 35. c4 Nf6 36. Rh2 Rf3 37. Kc2 Nd7 38. d4 Nb6 39. dxc5 dxc5 40. Nc3 Ke5 1/2-1/2

[Event "80th Tata Steel it"]
[Site "Wijk aan Zee NED"]
[Date "2018.01.14"]
[Round "2"]
[White "Karjakin, Sergei"]
[Black "Anand, Viswanathan"]
[Result "1/2-1/2"]
[WhiteElo "2753"]
[BlackElo "2767"]
[EventDate "2018.01.13"]
[PlyCount "64"]

1. Nf3 d5 2. g3 Nf6 3. Bg2 c5 4. O-O Nc6 5. d4 e6 6. c4 dxc4 7. dxc5 Qxd1 8. Rxd1 Bxc5 9. Nfd2 Na5 10. Na3 Bxa3 11. bxa3 O-O 12. Ne4 Nxe4 13. Bxe4 e5 14. Bb2 Re8 15. Bc3 Nc6 16. Rab1 h6 17. f3 Re7 18. Kf2 f6 19. Bd5+ Kh7 20. Be4+ Kg8 21. Bb4 Rc7 22. Bd6 Rd7 23. Bd5+ Kh8 24. Bxc4 Nd4 25. Bc5 Rc7 26. Bxd4 Rxc4 27. Be3 b6 28. Rd8+ Kh7 29. Rc1 Rxc1 30. Bxc1 Bb7 31. Rxa8 Bxa8 32. e4 Kg6 1/2-1/2

[Event "80th Tata Steel it"]
[Site "Wijk aan Zee NED"]
[Date "2018.01.16"]
[Round "4"]
[White "Adhiban, Baskaran"]
[Black "Anand, Viswanathan"]
[Result "1/2-1/2"]
[WhiteElo "2655"]
[BlackElo "2767"]
[EventDate "2018.01.13"]
[PlyCount "76"]

1. Nf3 d5 2. c4 d4 3. b4 c5 4. g3 cxb4 5. a3 b3 6. d3 Nc6 7. Nbd2 e5 8. Bg2 Nf6 9. O-O Be7 10. Nxb3 O-O 11. Bg5 Rb8 12. Ne1 Bd7 13. Nc2 b5 14. Nd2 a6 15. Nb4 Nxb4 16. axb4 bxc4 17. Nxc4 Bb5 18. Nxe5 Bxb4 19. Rb1 a5 20. Ng4 Rb6 21. Qc1 Qc8 22. Ne5 Qe6 23. Nf3 Qxe2 24. Nxd4 Qxd3 25. Rd1 Qg6 26. Bxf6 Qxf6 27. Nxb5 Rxb5 28. Qc6 Qf5 29. Be4 Qe5 30. Rd7 Rc5 31. Qb7 g6 32. Bd5 Qf6 33. Rb3 Rc3 34. Rxc3 Bxc3 35. Rxf7 Rxf7 36. Bxf7+ Qxf7 37. Qc8+ Qf8 38. Qc4+ Qf7 {This was my first ever encounter against the Madras Tiger...I was bit disappointed about missing my chances but still it turned out to be an entertaining game and I will look forward to our future struggles!} 1/2-1/2

[Event "80th Tata Steel it"]
[Site "Wijk aan Zee NED"]
[Date "2018.01.20"]
[Round "7"]
[White "Mamedyarov, Shakhriyar"]
[Black "Wei Yi"]
[Result "1-0"]
[WhiteElo "2804"]
[BlackElo "2743"]
[EventDate "2018.01.13"]
[PlyCount "65"]

1. d4 Nf6 2. Nf3 d5 3. c4 e6 4. g3 Be7 5. Bg2 O-O 6. O-O dxc4 7. Qc2 a6 8. a4 Bd7 9. Qxc4 Bc6 10. Bg5 h6 11. Bxf6 Bxf6 12. Nc3 Bxf3 13. Bxf3 Qxd4 14. Qxc7 Nc6 15. Qxb7 Na5 16. Qc7 Qd8 17. Qf4 Rb8 18. Rfd1 Qe7 19. Rab1 Rfc8 20. Ne4 Bg5 21. Qd6 Qxd6 22. Rxd6 Be7 23. Rxa6 Nc4 24. Rc1 Nxb2 25. Rxc8+ Rxc8 26. a5 Nc4 27. Ra7 Bb4 28. a6 f5 29. Rb7 fxe4 30. Bg4 Ra8 31. Rxb4 Nd6 32. Bxe6+ Kf8 33. Rb6 {With two pawns less and a passive position, Black resigned.} 1-0